Normal view
MARC view
- طة ، مصطفى كمال
Entry Personal Name
001 - CONTROL NUMBER
- control field: 31990
003 - CONTROL NUMBER IDENTIFIER
- control field: JO-AjAnu
005 - DATE AND TIME OF LATEST TRANSACTION
- control field: 20230606075400.0
008 - FIXED-LENGTH DATA ELEMENTS
- fixed length control field: 230606|| aca||aabn | a|a d
040 ## - CATALOGING SOURCE
- Original cataloging agency: JO-AjAnu
- Transcribing agency: JO-AjAnu
100 ## - HEADING--PERSONAL NAME
- Personal name: طة ، مصطفى كمال
670 ## - SOURCE DATA FOUND
- Source citation: Work cat.: (JO-AjAnu)16429: طة ، مصطفى كمال , author, العقود التجارية